Statistics for All 1M Cities by Proximity

Click here to take the quiz!

General Stats

  • This quiz has been taken 181,159 times
    (101,757 since last reset)
  • The average score is 452 of 569

Answer Stats

Country latitude longitude # nearby 1M Pop City % Correct
United States35.20499453-80.8300380927Greensboro, Raleigh, Atlanta, Richmond, Virginia Beach…2,375,000Charlotte
99%
United States41.4699868-81.6949982126Detroit, Pittsburgh, Columbus, Buffalo, Toronto…3,050,000Cleveland
99%
United States40.4299986-79.9999853926Cleveland, Columbus, Harrisburg, Buffalo, Washington…2,050,000Pittsburgh
99%
Canada43.69997988-79.4200207923Buffalo, Cleveland, Detroit, Ottawa, Pittsburgh…7,300,000Toronto
99%
Germany48.779979889.19999629640Mannheim, Frankfurt, Nuremberg, Zurich, Munich…2,375,000Stuttgart
99%
United States42.32996014-83.0800557927Cleveland, Columbus, Pittsburgh, Toronto, Buffalo…5,700,000Detroit
99%
United States36.07000633-79.8000234427Raleigh, Charlotte, Richmond, Virginia Beach, Washington…1,110,000Greensboro
99%
United States38.89954938-77.0094185824Harrisburg, Richmond, Philadelphia, Virginia Beach, Pittsburgh…8,500,000Washington
99%
United States42.87997825-78.8800020823Toronto, Cleveland, Pittsburgh, Harrisburg, Detroit…1,350,000Buffalo
99%
United States40.27359987-76.8847491925Philadelphia, Washington, New York, Pittsburgh, Richmond…1,320,000Harrisburg
99%
United States39.97997438-82.990009626Cincinnati, Cleveland, Pittsburgh, Detroit, Indianapolis…1,700,000Columbus
99%
United Kingdom50.90003135-1.39997684932London, Birmingham, Nottingham, Sheffield, Manchester…1,160,000Southampton
98%
Germany48.1299420411.5749934532Nuremberg, Stuttgart, Zurich, Mannheim, Prague…2,250,000Munich
98%
United States39.99997316-75.1699959721New York, Harrisburg, Washington, Hartford, Richmond…7,350,000Philadelphia
98%
France44.85001304-0.59501306332Toulouse, Lyon, Barcelona, Paris, Marseille…1,050,000Bordeaux
98%
Belgium50.833317084.33331660836Antwerp, Lille, Rotterdam, Amsterdam, Cologne / Dusseldorf…2,050,000Brussels
98%
United States42.32996014-71.0700136715Hartford, New York, Montreal, Philadelphia, Ottawa…7,600,000Boston
98%
United Kingdom52.47497398-1.91999678727Nottingham, Sheffield, Manchester, Liverpool, Leeds…3,100,000Birmingham
98%
Germany52.5218186613.4015486230Hanover, Hamburg, Prague, Copenhagen, Nuremberg…4,625,000Berlin
98%
Italy45.46997529.2050089133Turin, Zurich, Lyon, Munich, Stuttgart…5,150,000Milan
98%
Germany51.537.0440Cologne / Dusseldorf, Amsterdam, Rotterdam, Antwerp, Frankfurt…5,700,000The Ruhr
98%
United States41.77002016-72.6799670817Boston, New York, Philadelphia, Harrisburg, Montreal…1,690,000Hartford
98%
Switzerland47.379987818.5500101336Stuttgart, Milan, Mannheim, Munich, Turin…1,400,000Zurich
98%
United Kingdom53.36667666-1.49999658328Nottingham, Leeds, Manchester, Liverpool, Birmingham…1,550,000Sheffield
98%
Germany49.4499906611.079984935Munich, Stuttgart, Frankfurt, Mannheim, Prague…1,190,000Nuremberg
98%
France48.866692932.33333532635Lille, Brussels, Antwerp, London, Southampton…11,300,000Paris
98%
Canada45.4166968-75.700015315Montreal, Toronto, Buffalo, Hartford, Boston…1,220,000Ottawa
98%
United Kingdom55.87440472-4.25070723621Newcastle, Leeds, Liverpool, Manchester, Dublin…1,660,000Glasgow
98%
United States35.81878135-78.6446934425Greensboro, Charlotte, Richmond, Virginia Beach, Washington…1,590,000Raleigh
98%
United States37.55001935-77.44998624Virginia Beach, Washington, Raleigh, Greensboro, Harrisburg…1,050,000Richmond
98%
Netherlands51.91996914.47997432337Amsterdam, Antwerp, Brussels, Lille, The Ruhr…3,200,000Rotterdam
98%
United Kingdom52.97034426-1.17001672529Sheffield, Birmingham, Manchester, Leeds, Liverpool…1,370,000Nottingham
98%
Germany52.366970239.71665726637Hamburg, The Ruhr, Cologne / Dusseldorf, Berlin, Frankfurt…1,150,000Hanover
98%
Germany50.930003686.95000443439The Ruhr, Frankfurt, Antwerp, Brussels, Mannheim…4,975,000Cologne / Dusseldorf
98%
United States39.16188479-84.4569226525Louisville, Columbus, Indianapolis, Cleveland, Detroit…2,750,000Cincinnati
98%
United Kingdom55.00037539-1.5999904824Leeds, Manchester, Sheffield, Glasgow, Liverpool…1,470,000Newcastle
98%
Germany53.550024649.99999914437Hanover, Berlin, Copenhagen, The Ruhr, Cologne / Dusseldorf…2,825,000Hamburg
98%
United States40.74997906-73.9800169319Philadelphia, Hartford, Harrisburg, Boston, Washington…22,200,000New York
98%
Italy45.070387197.66996048932Milan, Lyon, Zurich, Marseille, Stuttgart…1,660,000Turin
98%
France43.604261.4436729Bordeaux, Barcelona, Marseille, Lyon, Valencia…1,030,000Toulouse
98%
Canada45.49999921-73.5832969615Ottawa, Boston, Hartford, Toronto, Buffalo…4,200,000Montreal
98%
Germany50.099976838.6750154238Mannheim, Stuttgart, Cologne / Dusseldorf, Nuremberg, The Ruhr…3,225,000Frankfurt
98%
France50.649969093.08000809635Brussels, Antwerp, Rotterdam, Paris, Amsterdam…1,290,000Lille
98%
United Kingdom53.50041526-2.24798710326Liverpool, Sheffield, Leeds, Nottingham, Birmingham…3,025,000Manchester
98%
Germany49.500375188.47001501338Frankfurt, Stuttgart, Nuremberg, Cologne / Dusseldorf, Zurich…1,570,000Mannheim
98%
France45.770008564.83003047535Turin, Marseille, Zurich, Milan, Toulouse…1,980,000Lyon
98%
Netherlands52.349968694.91664017635Rotterdam, Antwerp, The Ruhr, Brussels, Cologne / Dusseldorf…2,425,000Amsterdam
98%
United Kingdom51.49999473-0.11672184433Southampton, Birmingham, Nottingham, Sheffield, Lille…14,600,000London
98%
United Kingdom53.41600181-2.91799788624Manchester, Sheffield, Leeds, Birmingham, Nottingham…1,860,000Liverpool
98%
Belgium51.220373554.41501704836Brussels, Rotterdam, Lille, Amsterdam, Cologne / Dusseldorf…1,030,000Antwerp
98%
United Kingdom53.83000755-1.58001753924Sheffield, Manchester, Nottingham, Liverpool, Newcastle…2,150,000Leeds
98%
United States36.85321433-75.9783187324Richmond, Washington, Raleigh, Greensboro, Philadelphia…1,620,000Virginia Beach
98%
Spain41.383299582.18337031920Toulouse, Valencia, Marseille, Bordeaux, Madrid…4,700,000Barcelona
97%
France43.289979065.3750101328Turin, Lyon, Toulouse, Barcelona, Milan…1,660,000Marseille
97%
Belarus53.8999774427.5666271616Kiev, Warsaw, Moscow, Saint Petersburg, Katowice…2,000,000Minsk
97%
Ireland53.33306114-6.24890568218Liverpool, Manchester, Birmingham, Glasgow, Leeds…1,370,000Dublin
97%
China31.77998395119.969979286Jiangyin, Wuxi, Zhenjiang, Taizhou, Changshu…2,725,000Changzhou
96%
China31.57999615120.299984988Changzhou, Jiangyin, Changshu, Nantong, Taizhou…3,175,000Wuxi
96%
China33.58000327119.029984988Suqian, Yancheng, Lianyungang, Yangzhou, Taizhou…1,920,000Huai'an
96%
United States37.95813397-121.28973910Sacramento, San Francisco, Los Angeles, Las Vegas, San Diego…1,230,000Stockton
96%
China32.05001914118.779974382Ma'anshan, Zhenjiang, Yangzhou, Wuhu, Taizhou…6,600,000Nanjing
96%
China36.79998761118.04999377Weifang, Jinan, Tai'an, Linyi, Rizhao…3,400,000Zibo
96%
China32.0303821120.825017586Jiangyin, Wuxi, Changshu, Changzhou, Taizhou…1,970,000Nantong
96%
Finland60.1755633724.934126347Saint Petersburg, Stockholm, Minsk, Oslo, Copenhagen…1,270,000Helsinki
96%
China36.67498232116.995018777Tai'an, Zibo, Jining, Tengzhou, Weifang…4,150,000Jinan
96%
United States36.20999778-115.220006112Los Angeles, Mexicali, Phoenix, San Diego, Tijuana…2,200,000Las Vegas
96%
China34.28001223117.180020388Huaibei, Suzhou, Tengzhou, Suqian, Jining…2,725,000Xuzhou
96%
United States33.98997825-118.17998059San Diego, Tijuana, Mexicali, Las Vegas, Stockton…17,700,000Los Angeles
96%
China32.21998293119.430012284Yangzhou, Taizhou, Nanjing, Changzhou, Jiangyin…1,110,000Zhenjiang
96%
China36.08997927120.330008980Rizhao, Weifang, Yantai, Lianyungang, Linyi…5,900,000Qingdao
96%
Ukraine48.4799723535.0000235613Kharkiv, Donetsk, Rostov, Kiev, Odessa…1,360,000Dnipro
96%
United States37.74000775-122.45997779Stockton, Sacramento, Los Angeles, Las Vegas, San Diego…7,800,000San Francisco
96%
China33.965778118.27919989Huai'an, Xuzhou, Lianyungang, Linyi, Suzhou…1,010,000Suqian
96%
China33.3855556120.125277889Taizhou, Huai'an, Yangzhou, Zhenjiang, Lianyungang…1,380,000Yancheng
96%
United States40.7750163-111.93005199Las Vegas, Denver, Phoenix, Sacramento, Stockton…2,350,000Salt Lake City
96%
China32.39999778119.430012284Zhenjiang, Taizhou, Nanjing, Changzhou, Jiangyin…1,850,000Yangzhou
96%
China35.07998924118.32997685Lianyungang, Tengzhou, Rizhao, Suqian, Xuzhou…1,950,000Linyi
96%
United States38.57502138-121.47003819Stockton, San Francisco, Los Angeles, Las Vegas, San Diego…2,050,000Sacramento
96%
China35.43038129119.450010979Lianyungang, Qingdao, Linyi, Weifang, Suqian…1,150,000Rizhao
96%
China34.60043194119.17002885Linyi, Rizhao, Suqian, Huai'an, Yancheng…1,120,000Lianyungang
96%
United States32.82002382-117.17998999Tijuana, Los Angeles, Mexicali, Las Vegas, Phoenix…3,325,000San Diego
96%
United States26.20303754-98.2297253816Monterrey, San Antonio, Austin, Houston, Torreón…1,300,000McAllen
96%
South Korea35.09505292129.010047649Changwon, Ulsan, Daegu, Gwangju, Daejeon…4,175,000Busan
96%
Mexico25.66999514-100.329984817McAllen, Torreón, San Luis Potosí, San Antonio, Aguascalientes…4,825,000Monterrey
96%
Mexico32.64998252-115.480016111Tijuana, San Diego, Los Angeles, Phoenix, Las Vegas…1,030,000Mexicali
96%
China36.7204059119.100109880Zibo, Qingdao, Rizhao, Tai'an, Jinan…1,880,000Weifang
96%
United States33.83001385-84.3999493825Nashville, Charlotte, Jacksonville, Greensboro, Louisville…5,700,000Atlanta
96%
China35.098576117.16926983Jining, Xuzhou, Linyi, Tai'an, Huaibei…1,000,000Tengzhou
96%
South Korea35.54673077129.316953947Busan, Daegu, Changwon, Daejeon, Gwangju…1,120,000Ulsan
96%
China31.93120.386Changzhou, Wuxi, Nantong, Taizhou, Changshu…2,450,000Jiangyin
96%
China32.4904057119.900009385Yangzhou, Zhenjiang, Jiangyin, Changzhou, Nantong…2,225,000Taizhou
96%
China35.405116.5813984Tengzhou, Tai'an, Xuzhou, Jinan, Huaibei…1,160,000Jining
96%
Mexico32.50001752-117.0799968San Diego, Mexicali, Los Angeles, Las Vegas, Phoenix…1,920,000Tijuana
96%
China36.19999839117.120075680Jinan, Jining, Zibo, Tengzhou, Linyi…1,370,000Tai'an
96%
China39.13002626117.200019170Tangshan, Beijing, Baoding, Qinhuangdao, Shijiazhuang…12,700,000Tianjin
96%
Russia59.9390145130.316020065Helsinki, Moscow, Stockholm, Minsk, Nizhny Novgorod5,550,000Saint Petersburg
95%
Brazil-22.92502317-43.225020798Santos, Belo Horizonte, São Paulo, Campinas, Vitória…12,800,000Rio de Janeiro
95%
Brazil-23.95372393-46.332942669São Paulo, Campinas, Rio de Janeiro, Curitiba, Belo Horizonte…1,710,000Santos
95%
Mexico22.16997622-100.999995613León, Aguascalientes, Querétaro, Guadalajara, Toluca…1,190,000San Luis Potosí
95%
India21.216666781.433333340Nagpur, Jabalpur, Vishakhapatnam, Ranchi, Bhubaneswar…2,725,000Bhilai
95%
Japan32.80092938130.70064229Fukuoka, Kitakyushu, Hiroshima, Busan, Ulsan…1,160,000Kumamoto
95%
China38.92283839121.629830875Yantai, Weihai, Yingkou, Qinhuangdao, Jinzhou…4,500,000Dalian
95%
Brazil-16.72002724-49.300024667Brasília, Belo Horizonte, Campinas, São Paulo, Santos…2,300,000Goiânia
95%
China39.93036501119.620026473Tangshan, Jinzhou, Dalian, Tianjin, Yingkou…1,220,000Qinhuangdao
95%
Ukraine50.4333673330.5166279713Dnipro, Kharkiv, Minsk, Odessa, Donetsk…3,450,000Kiev
95%
Brazil-19.91502602-43.915004529Rio de Janeiro, Vitória, Campinas, São Paulo, Santos…5,000,000Belo Horizonte
95%
Japan33.87039899130.820014629Fukuoka, Kumamoto, Hiroshima, Busan, Ulsan…2,050,000Kitakyushu
95%
Algeria35.71000246-0.6199727816Algiers, Málaga, Valencia, Fez, Tangier…1,420,000Oran
95%
Denmark55.6785641912.5634857530Hamburg, Berlin, Hanover, Oslo, Stockholm…1,650,000Copenhagen
95%
China39.62433718118.19437769Tianjin, Qinhuangdao, Beijing, Baoding, Jinzhou…2,700,000Tangshan
95%
Brazil-23.55867959-46.625019989Santos, Campinas, Curitiba, Rio de Janeiro, Belo Horizonte…22,100,000São Paulo
95%
North Korea39.0194387125.754690760Seoul, Benxi, Daejeon, Anshan, Yingkou…2,875,000Pyongyang
95%
Japan33.59501528130.410013833Kitakyushu, Kumamoto, Hiroshima, Busan, Ulsan…2,700,000Fukuoka
95%
Spain39.48501752-0.40001204618Madrid, Barcelona, Oran, Algiers, Málaga…1,760,000Valencia
95%
Brazil-22.90001178-47.100029759São Paulo, Santos, Curitiba, Rio de Janeiro, Belo Horizonte…3,125,000Campinas
95%
India21.1699597479.0899938541Jabalpur, Bhilai, Bhopal, Indore, Aurangabad…3,150,000Nagpur
95%
Russia55.7521641237.6155228314Nizhny Novgorod, Voronezh, Saint Petersburg, Kharkiv, Minsk…17,000,000Moscow
95%
Spain40.40002626-3.68335168616Valencia, Seville, Málaga, Porto, Lisbon…6,350,000Madrid
95%
Spain36.7204059-4.41999922816Seville, Tangier, Fez, Oran, Rabat…1,020,000Málaga
95%
China37.53040814121.400021176Weihai, Dalian, Qingdao, Weifang, Rizhao…2,125,000Yantai
95%
Brazil-15.78334023-47.916052297Goiânia, Belo Horizonte, Campinas, São Paulo, Santos…3,975,000Brasília
95%
China37.512827122.12554677Yantai, Dalian, Qingdao, Weifang, Rizhao…1,160,000Weihai
95%
Portugal41.15000633-8.62000126313Lisbon, Madrid, Seville, Málaga, Tangier…1,150,000Porto
95%
Czech Republic50.0833370114.4659797828Vienna, Nuremberg, Berlin, Munich, Katowice…1,420,000Prague
95%
Morocco35.76727-5.7997514Málaga, Seville, Fez, Rabat, Casablanca…1,080,000Tangier
95%
Brazil-20.32399331-40.365996347Belo Horizonte, Rio de Janeiro, Santos, São Paulo, Campinas…1,840,000Vitória
95%
Spain37.40501528-5.98000736616Málaga, Tangier, Lisbon, Fez, Rabat…1,330,000Seville
95%
South Korea37.5663491126.99973156Daejeon, Pyongyang, Daegu, Gwangju, Changwon…24,600,000Seoul
95%
Mexico25.57005292-103.420002916Monterrey, Aguascalientes, San Luis Potosí, León, McAllen…1,330,000Torreón
95%
Mexico21.1499868-101.700030412Aguascalientes, San Luis Potosí, Querétaro, Guadalajara, Toluca…1,870,000León
94%
Mexico20.67001609-103.330034211Aguascalientes, León, San Luis Potosí, Querétaro, Toluca…5,150,000Guadalajara
94%
China32.889124115.82108180Huainan, Suzhou, Bengbu, Huaibei, Hefei…1,000,000Fuyang
94%
China35.2500047113.220003682Xinxiang, Zhengzhou, Luoyang, Kaifeng, Anyang…1,530,000Jiaozuo
94%
India26.2917659773.0167728340Jaipur, Kotā, Ahmedabad, Vadodara, Multan…1,400,000Jodhpur
94%
Mexico19.44244244-99.130988211Toluca, Cuernavaca, Puebla, Querétaro, León…22,600,000Mexico City
94%
United States39.74998842-86.1700480624Cincinnati, Louisville, Chicago, Columbus, Saint Louis…1,950,000Indianapolis
94%
China33.95036826116.750020784Suzhou, Xuzhou, Bengbu, Tengzhou, Suqian…1,420,000Huaibei
94%
China34.85000327114.350012283Zhengzhou, Xinxiang, Jiaozuo, Anyang, Luoyang…1,230,000Kaifeng
94%
Pakistan25.37998768.3749889725Karachi, Rajkot, Jodhpur, Ahmedabad, Quetta…2,150,000Hyderabad
94%
China31.85003135117.280014282Huainan, Ma'anshan, Wuhu, Bengbu, Nanjing…4,675,000Hefei
94%
China33.00040041112.530019984Xiangyang, Luoyang, Zhengzhou, Jiaozuo, Kaifeng…1,110,000Nanyang
94%
China34.67998781112.470075281Jiaozuo, Zhengzhou, Xinxiang, Kaifeng, Nanyang…2,125,000Luoyang
94%
United States38.22501691-85.7487042726Cincinnati, Indianapolis, Nashville, Columbus, Saint Louis…1,050,000Louisville
94%
India26.9211332475.8099873442Kotā, Agra, New Delhi, Alīgarh, Gwalior…3,750,000Jaipur
94%
China36.5799752114.479978479Xingtai, Anyang, Xinxiang, Shijiazhuang, Jiaozuo…1,480,000Handan
94%
Ukraine49.9999829336.2500247812Dnipro, Donetsk, Voronezh, Rostov, Kiev…1,630,000Kharkiv
94%
Russia56.3330072244.0000943610Kazan, Moscow, Samara, Saratov, Voronezh…1,740,000Nizhny Novgorod
94%
India22.7150592275.8650227441Bhopal, Kotā, Vadodara, Aurangabad, Ahmedabad…3,025,000Indore
94%
China32.62998374116.979980879Bengbu, Hefei, Fuyang, Suzhou, Huaibei…1,950,000Huainan
94%
India26.229986878.1800752345Agra, Alīgarh, Kanpur, Jaipur, Kotā…1,350,000Gwalior
94%
India23.1750569979.9550573341Nagpur, Bhopal, Bhilai, Allahabad, Kanpur…1,440,000Jabalpur
94%
China31.73040041118.480044380Wuhu, Nanjing, Zhenjiang, Hefei, Yangzhou…1,130,000Ma'anshan
94%
Russia47.2346478539.712655813Donetsk, Dnipro, Volgograd, Kharkiv, Voronezh…1,290,000Rostov
94%
Morocco34.05459963-5.00037723913Rabat, Tangier, Casablanca, Málaga, Seville…1,240,000Fez
94%
China31.3504236118.369973582Ma'anshan, Nanjing, Hefei, Zhenjiang, Yangzhou…1,350,000Wuhu
94%
China33.648453116.96220183Huaibei, Xuzhou, Bengbu, Huainan, Suqian…1,000,000Suzhou
94%
India23.2499878177.4099930446Indore, Jabalpur, Kotā, Nagpur, Gwalior…2,300,000Bhopal
94%
China32.94999005117.33003782Huainan, Suzhou, Hefei, Huaibei, Fuyang…1,380,000Bengbu
94%
Mexico19.3303821-99.6699992311Mexico City, Cuernavaca, Puebla, Querétaro, León…2,225,000Toluca
94%
India22.3100193573.1800186833Ahmedabad, Surat, Rajkot, Nashik, Indore…2,125,000Vadodara
94%
Russia51.7299806939.2699954813Kharkiv, Donetsk, Moscow, Saratov, Dnipro…1,050,000Voronezh
94%
India19.8956964375.3203014736Nashik, Pune, Solapur, Mumbai, Surat…1,700,000Aurangabad
94%
China36.09944114.3288978Handan, Xinxiang, Xingtai, Jiaozuo, Kaifeng…1,080,000Anyang
94%
China38.05001467114.479978470Xingtai, Baoding, Handan, Taiyuan, Anyang…4,225,000Shijiazhuang
94%
China32.01999514112.130044385Nanyang, Yichang, Jingzhou, Wuhan, Luoyang…1,760,000Xiangyang
94%
China37.04997235114.500028874Handan, Anyang, Shijiazhuang, Taiyuan, Xinxiang…1,410,000Xingtai
94%
China35.32043968113.869989881Jiaozuo, Zhengzhou, Kaifeng, Anyang, Luoyang…1,410,000Xinxiang
94%
Algeria36.76306483.0505525315Oran, Valencia, Barcelona, Tunis, Málaga…3,825,000Algiers
94%
India23.0300529272.5800036238Vadodara, Rajkot, Surat, Indore, Nashik…8,000,000Ahmedabad
94%
Mexico21.87945992-102.290413512León, San Luis Potosí, Guadalajara, Querétaro, Toluca…1,120,000Aguascalientes
94%
China34.75499615113.665092783Kaifeng, Xinxiang, Jiaozuo, Luoyang, Anyang…5,400,000Zhengzhou
94%
India21.1999837472.8400394327Vadodara, Nashik, Ahmedabad, Mumbai, Rajkot…6,300,000Surat
94%
India25.1799992175.8349987443Jaipur, Gwalior, Bhopal, Indore, Jodhpur…1,300,000Kotā
94%
Mexico18.92110476-99.2399996411Mexico City, Toluca, Puebla, Querétaro, León…1,020,000Cuernavaca
94%
India22.3100193570.8000089125Ahmedabad, Surat, Vadodara, Nashik, Hyderabad…1,770,000Rajkot
94%
Mexico20.63001853-100.379981712León, Toluca, San Luis Potosí, Mexico City, Cuernavaca…1,360,000Querétaro
94%
Ukraine48.0000016537.8299800213Rostov, Dnipro, Kharkiv, Voronezh, Volgograd…1,450,000Donetsk
94%
Morocco34.02529909-6.8361308213Casablanca, Fez, Tangier, Marrakesh, Málaga…1,980,000Rabat
94%
Mexico19.04995994-98.2000372713Mexico City, Cuernavaca, Toluca, Querétaro, León…3,075,000Puebla
94%
United States30.33002077-81.6699868216Orlando, Melbourne, Tampa, Cape Coral, Atlanta…1,390,000Jacksonville
93%
Morocco33.59997622-7.61636743312Rabat, Marrakesh, Fez, Tangier, Agadir…4,325,000Casablanca
93%
Serbia44.8186454520.4679906820Budapest, Sofia, Bucharest, Vienna, Katowice…1,410,000Belgrade
93%
Japan34.75003522135.460144819Nagoya, Okayama, Hamamatsu, Shizuoka, Hiroshima…17,700,000Osaka
93%
United States28.50997683-81.3800303612Melbourne, Tampa, Jacksonville, Cape Coral, Miami…3,275,000Orlando
93%
United States27.94698793-82.4586208512Orlando, Cape Coral, Melbourne, Jacksonville, Miami…4,200,000Tampa
93%
United States41.82999066-87.7500549720Milwaukee, Indianapolis, Detroit, Cincinnati, Saint Louis…9,750,000Chicago
93%
United States33.53997988-112.069991710Mexicali, Las Vegas, Tijuana, San Diego, El Paso…4,500,000Phoenix
93%
Turkey36.8899821230.6999759519Konya, Izmir, Ankara, Bursa, Adana…1,240,000Antalya
93%
Portugal38.72272288-9.14486630513Porto, Seville, Tangier, Málaga, Madrid…2,550,000Lisbon
93%
United States28.08331036-80.6083203511Orlando, Tampa, Cape Coral, Miami, Jacksonville…1,170,000Melbourne
93%
Japan35.15499758136.914991419Hamamatsu, Shizuoka, Osaka, Fuji, Tokyo…10,500,000Nagoya
93%
United States26.56285-81.9495310Tampa, Miami, Melbourne, Orlando, Havana…1,060,000Cape Coral
93%
Japan34.3878351132.44291320Okayama, Kitakyushu, Fukuoka, Kumamoto, Osaka…1,890,000Hiroshima
93%
Turkey37.8750124332.4750097221Antalya, Ankara, Adana, Kayseri, Bursa…1,280,000Konya
93%
United States36.16997438-86.7799849926Louisville, Memphis, Atlanta, Cincinnati, Indianapolis…1,430,000Nashville
93%
Japan34.67202964133.917086519Hiroshima, Osaka, Nagoya, Kitakyushu, Fukuoka…2,200,000Okayama
93%
Japan38.28710614141.02171759Tokyo, Fuji, Shizuoka, Hamamatsu, Nagoya…1,510,000Sendai
92%
United States25.7876107-80.224106087Cape Coral, Melbourne, Orlando, Tampa, Havana…6,250,000Miami
92%
United States29.99500246-90.0399668816Houston, Memphis, Atlanta, Dallas, Austin…1,010,000New Orleans
92%
United States35.1199868-89.9999951618Nashville, Saint Louis, Louisville, Atlanta, New Orleans…1,150,000Memphis
92%
Russia53.1950075550.1512951211Kazan, Saratov, Ufa, Nizhny Novgorod, Volgograd…1,320,000Samara
92%
Russia55.7499420449.1263447710Samara, Nizhny Novgorod, Ufa, Perm, Saratov…1,250,000Kazan
92%
Russia48.7100099944.4999604912Saratov, Rostov, Donetsk, Voronezh, Kharkiv…1,410,000Volgograd
92%
Hungary47.5000063319.0833206825Vienna, Katowice, Belgrade, Prague, Warsaw…2,575,000Budapest
92%
Japan34.71807334137.732719318Shizuoka, Nagoya, Fuji, Osaka, Tokyo…1,320,000Hamamatsu
92%
Russia51.5799898546.029996312Samara, Volgograd, Voronezh, Kazan, Nizhny Novgorod…1,090,000Saratov
92%
Japan34.98583478138.385392616Fuji, Hamamatsu, Nagoya, Tokyo, Osaka…1,150,000Shizuoka
92%
Japan35.68501691139.751407414Fuji, Shizuoka, Hamamatsu, Nagoya, Sendai…39,900,000Tokyo
92%
Japan35.15138.67416Shizuoka, Hamamatsu, Tokyo, Nagoya, Osaka…1,000,000Fuji
92%
Bulgaria42.6833494323.3166540115Bucharest, Belgrade, Istanbul, Athens, Bursa…1,300,000Sofia
92%
Austria48.2000152816.3666389628Budapest, Prague, Katowice, Munich, Nuremberg…2,225,000Vienna
91%
Taiwan22.63330711120.266601933Tainan, Taichung, Taipei, Xiamen, Putian…2,800,000Kaohsiung
91%
India25.3299900583.0000394335Allahabad, Patna, Lucknow, Kanpur, Ranchi…1,860,000Varanasi
91%
India25.4549953481.8400068840Varanasi, Lucknow, Kanpur, Jabalpur, Patna…1,420,000Allahabad
91%
Taiwan23.00000307120.200042737Kaohsiung, Taichung, Taipei, Xiamen, Putian…1,300,000Tainan
91%
Nepal27.7166919185.3166422130Patna, Varanasi, Allahabad, Lucknow, Dhanbad…2,950,000Kathmandu
91%
Brazil-25.420013-49.31999768São Paulo, Santos, Campinas, Porto Alegre, Rio de Janeiro…3,350,000Curitiba
91%
China26.88002464112.590016275Xiangtan, Zhuzhou, Shaoyang, Pingxiang, Changsha…1,710,000Hengyang
91%
Cuba23.13195884-82.364182177Miami, Cape Coral, Tampa, Melbourne, Orlando…2,225,000Havana
91%
India25.6249591385.1300386131Varanasi, Kathmandu, Dhanbad, Ranchi, Āsansol…2,575,000Patna
91%
China25.834555114.9322865Pingxiang, Hengyang, Zhuzhou, Xiangtan, Qingyuan…1,330,000Ganzhou
90%
China26.07999595119.300045957Putian, Cangnan, Xiamen, Wenzhou, Taichung…4,150,000Fuzhou
90%
Syria36.2299707237.170020322Gaziantep, Adana, Beirut, Damascus, Kayseri…2,050,000Aleppo
90%
China27.625711113.85126681Zhuzhou, Xiangtan, Changsha, Hengyang, Ganzhou…1,030,000Pingxiang
90%
China40.671116122.22889360Anshan, Jinzhou, Benxi, Shenyang, Dalian…1,000,000Yingkou
90%
China29.12004295119.649998775Hangzhou, Wenzhou, Cangnan, Cixi, Ningbo…1,600,000Yiwu
90%
Turkey36.9949886335.3200040322Gaziantep, Aleppo, Kayseri, Konya, Beirut…1,720,000Adana
90%
China27.85043052112.900023281Zhuzhou, Changsha, Pingxiang, Hengyang, Shaoyang…1,460,000Xiangtan
90%
China24.44999208118.08001752Putian, Shantou, Fuzhou, Taichung, Tainan…9,800,000Xiamen
90%
China41.11502138122.940030551Benxi, Yingkou, Shenyang, Jinzhou, Dalian…2,525,000Anshan
90%
China27.82999249113.150033781Xiangtan, Changsha, Pingxiang, Hengyang, Shaoyang…1,190,000Zhuzhou
90%
Lebanon33.8719751235.5097082119Damascus, Tel Aviv-Jaffa, Amman, Gaza, Aleppo…1,750,000Beirut
90%
Turkey37.0749837437.3849942622Aleppo, Adana, Kayseri, Beirut, Damascus…1,660,000Gaziantep
90%
China30.58003135114.27001786Jingzhou, Xiangyang, Nanchang, Yichang, Changsha…8,700,000Wuhan
90%
Japan43.07497927141.34004436Sendai, Tokyo, Fuji, Shizuoka, Nagoya…2,500,000Sapporo
90%
China42.27001548118.949989850Jinzhou, Qinhuangdao, Tangshan, Yingkou, Beijing…1,080,000Chifeng
90%
China23.37000633116.670025645Xiamen, Huizhou, Hong Kong, Ganzhou, Putian…7,700,000Shantou
90%
China28.19996991112.96999383Xiangtan, Zhuzhou, Pingxiang, Hengyang, Changde…4,550,000Changsha
90%
China41.80497927123.449973546Benxi, Anshan, Yingkou, Jinzhou, Changchun…7,850,000Shenyang
90%
China43.86500856125.339987329Jilin, Harbin, Shenyang, Daqing, Benxi…3,650,000Changchun
90%
China28.67999229115.879996383Pingxiang, Wuhan, Zhuzhou, Changsha, Xiangtan…4,075,000Nanchang
90%
China27.52120.4262Wenzhou, Yiwu, Fuzhou, Putian, Ningbo…1,100,000Cangnan
90%
Taiwan24.15207745120.68166742Taipei, Tainan, Kaohsiung, Putian, Fuzhou…2,400,000Taichung
90%
Romania44.433371826.0999466518Sofia, Odessa, Istanbul, Belgrade, Bursa…2,200,000Bucharest
90%
Taiwan25.03583333121.568333344Taichung, Fuzhou, Putian, Tainan, Kaohsiung…9,100,000Taipei
90%
China41.33038291123.750006945Shenyang, Anshan, Yingkou, Jinzhou, Pyongyang…1,070,000Benxi
90%
China39.92889223116.388285765Tianjin, Baoding, Tangshan, Zhangjiakou, Datong…20,000,000Beijing
90%
China43.84997072126.550042725Changchun, Harbin, Daqing, Shenyang, Benxi…1,520,000Jilin
90%
China41.12036989121.100039459Yingkou, Anshan, Qinhuangdao, Shenyang, Chifeng…1,050,000Jinzhou
90%
China25.43034568119.020011458Fuzhou, Xiamen, Taichung, Taipei, Cangnan…1,470,000Putian
90%
China28.0199809120.650092766Cangnan, Yiwu, Ningbo, Cixi, Hangzhou…5,300,000Wenzhou
90%
Pakistan30.1999770371.4550076931Faisalabad, Lahore, Gujranwala, Amritsar, Rawalpindi…2,000,000Multan
89%
United States35.47004295-97.5186835112Dallas, Kansas City, Austin, Houston, San Antonio…1,130,000Oklahoma City
89%
United States38.63501772-90.2399805119Indianapolis, Kansas City, Memphis, Louisville, Nashville…2,350,000Saint Louis
89%
India26.8550390880.9149987439Kanpur, Allahabad, Bareilly, Varanasi, Gwalior…3,525,000Lucknow
89%
United States45.52002382-122.67999016Seattle, Vancouver, Sacramento, Stockton, San Francisco…2,375,000Portland
89%
India30.9277620675.8722574533Jalandhar, Chandigarh, Amritsar, Lahore, Gujranwala…1,910,000Ludhiana
89%
India30.7199969776.7800056533Ludhiana, Jalandhar, Amritsar, Meerut, New Delhi…2,200,000Chandigarh
89%
Pakistan31.4099806973.1099971128Lahore, Gujranwala, Amritsar, Multan, Jalandhar…3,475,000Faisalabad
89%
India26.459998680.319996340Lucknow, Allahabad, Gwalior, Bareilly, Agra…3,375,000Kanpur
89%
Italy41.8959556312.4832584221Naples, Milan, Turin, Tunis, Marseille…3,600,000Rome
88%
India34.0999715474.8150093226Rawalpindi, Gujranwala, Amritsar, Lahore, Peshawar…1,530,000Srinagar
88%
China34.27502545108.894996363Baoji, Luoyang, Nanyang, Wanzhou, Xiangyang…6,750,000Xi'an
88%
Turkey39.9272385932.8643916423Konya, Kayseri, Bursa, Istanbul, Antalya…4,850,000Ankara
88%
United States30.26694969-97.7427783612San Antonio, Houston, Dallas, McAllen, Monterrey…1,860,000Austin
88%
Pakistan32.1604258474.1850219325Lahore, Amritsar, Faisalabad, Jalandhar, Rawalpindi…2,600,000Gujranwala
88%
China38.87042971115.480020768Shijiazhuang, Beijing, Tianjin, Xingtai, Zhangjiakou…1,790,000Baoding
88%
China30.337345112.23323485Yichang, Changde, Xiangyang, Wuhan, Changsha…1,120,000Jingzhou
88%
India31.3349206775.5690201430Ludhiana, Amritsar, Lahore, Chandigarh, Gujranwala…1,080,000Jalandhar
88%
Turkey38.4361496827.1517940118Bursa, Athens, Istanbul, Antalya, Konya…3,000,000Izmir
88%
China37.87501243112.545057768Shijiazhuang, Xingtai, Handan, Anyang, Datong…4,075,000Taiyuan
88%
United States43.05265505-87.9199670816Chicago, Indianapolis, Detroit, Minneapolis, Cincinnati…1,550,000Milwaukee
88%
Pakistan34.0050160971.5350028121Rawalpindi, Kabul, Srinagar, Gujranwala, Faisalabad…2,200,000Peshawar
88%
China29.033824111.69959981Jingzhou, Changsha, Xiangtan, Yichang, Zhuzhou…1,110,000Changde
88%
United States29.81997438-95.339979299Austin, San Antonio, Dallas, McAllen, New Orleans…6,500,000Houston
88%
Australia-33.92001097151.18517982Melbourne, Brisbane5,000,000Sydney
88%
Sweden59.3507599518.097334739Helsinki, Oslo, Copenhagen, Saint Petersburg, Warsaw…2,150,000Stockholm
88%
China40.81997479111.659995549Baotou, Datong, Zhangjiakou, Taiyuan, Shijiazhuang…1,810,000Hohhot
88%
Italy40.8400252514.2450113517Rome, Tunis, Sousse, Milan, Belgrade…4,225,000Naples
88%
India28.669992977.2300040337Meerut, Alīgarh, Morādābād, Agra, Bareilly…28,400,000New Delhi
88%
India31.6399924974.8699930429Lahore, Jalandhar, Gujranwala, Ludhiana, Faisalabad…1,350,000Amritsar
88%
China40.65220725109.822019837Hohhot, Datong, Taiyuan, Yinchuan, Zhangjiakou…2,150,000Baotou
88%
Pakistan33.5999762273.0400272223Peshawar, Srinagar, Gujranwala, Faisalabad, Lahore…3,275,000Rawalpindi
88%
India27.1704203578.0150207142Alīgarh, Gwalior, New Delhi, Bareilly, Morādābād…2,175,000Agra
88%
Pakistan31.5599715474.3500247829Amritsar, Gujranwala, Jalandhar, Faisalabad, Ludhiana…12,200,000Lahore
88%
United States32.82002382-96.8400169313Austin, Oklahoma City, Houston, San Antonio, Memphis…6,900,000Dallas
88%
United States29.48733319-98.5073053414Austin, Houston, McAllen, Dallas, Monterrey…2,150,000San Antonio
88%
China30.69997235111.280018786Jingzhou, Xiangyang, Changde, Wanzhou, Nanyang…1,250,000Yichang
88%
China40.83000002114.929976852Beijing, Datong, Baoding, Tianjin, Hohhot…1,280,000Zhangjiakou
87%
Australia-37.82003131144.97501622Adelaide, Sydney4,550,000Melbourne
87%
India28.3453873979.4199995537Morādābād, Alīgarh, Meerut, Agra, New Delhi…1,240,000Bareilly
87%
India28.841791278.7567842235Bareilly, Meerut, Alīgarh, New Delhi, Agra…1,180,000Morādābād
87%
Canada51.08299176-114.07999824Edmonton, Vancouver, Seattle, Portland1,470,000Calgary
87%
Canada49.27341658-123.12164424Seattle, Portland, Calgary, Edmonton2,725,000Vancouver
87%
Turkey40.199986829.0699979216Istanbul, Izmir, Ankara, Konya, Antalya…2,025,000Bursa
87%
India29.0004120177.7000011835New Delhi, Morādābād, Alīgarh, Bareilly, Agra…1,670,000Meerut
87%
United States47.57000205-122.3399854Vancouver, Portland, Calgary, Edmonton4,275,000Seattle
87%
China38.46797365106.273037532Lanzhou, Baotou, Xining, Baoji, Xi'an…1,470,000Yinchuan
87%
India27.8922109278.0617878840Agra, New Delhi, Morādābād, Meerut, Bareilly…1,170,000Alīgarh
87%
Poland52.2500006320.9999995522Katowice, Minsk, Prague, Berlin, Budapest…2,300,000Warsaw
87%
China40.08001996113.299998753Zhangjiakou, Hohhot, Baoding, Shijiazhuang, Taiyuan…1,600,000Datong
86%
Iran31.2799886348.7200129816Basra, Kuwait City, Isfahan, Shiraz, Qom…1,320,000Ahvaz
86%
Syria33.50003436.2999958918Beirut, Amman, Tel Aviv-Jaffa, Gaza, Aleppo…3,675,000Damascus
86%
Jordan31.9500252535.9332999317Tel Aviv-Jaffa, Gaza, Damascus, Beirut, Aleppo…5,300,000Amman
86%
Kuwait29.3697176347.9783011517Basra, Ahvaz, Dammam, Manama, Shiraz…4,475,000Kuwait City
86%
Israel32.0799914734.7700117618Gaza, Amman, Beirut, Damascus, Cairo…2,625,000Tel Aviv-Jaffa
86%
Palestine, State of31.5299992134.4450186816Tel Aviv-Jaffa, Amman, Beirut, Damascus, Cairo…1,910,000Gaza
86%
China31.30047833120.62001787Wuxi, Jiangyin, Shanghai, Changzhou, Nantong…1,050,000Changshu
86%
China31.21645245121.436504785Changshu, Nantong, Wuxi, Cixi, Jiangyin…29,500,000Shanghai
86%
United States39.10708851-94.6040942212Saint Louis, Oklahoma City, Memphis, Chicago, Minneapolis…1,950,000Kansas City
86%
Greece37.9833262323.7333210811Izmir, Bursa, Sofia, Istanbul, Antalya…3,375,000Athens
86%
Turkey41.1049961529.0100015916Bursa, Izmir, Ankara, Bucharest, Konya…14,800,000Istanbul
86%
Iraq30.5135237847.8135566816Ahvaz, Kuwait City, Isfahan, Baghdad, Shiraz…1,440,000Basra
86%
Iran29.6299601452.5700105415Isfahan, Ahvaz, Manama, Dammam, Kuwait City…1,700,000Shiraz
86%
Egypt31.2000193529.9499958914Cairo, Gaza, Tel Aviv-Jaffa, Amman, Beirut…5,850,000Alexandria
85%
China29.87997072121.550037877Cixi, Hangzhou, Shanghai, Changshu, Yiwu…3,200,000Ningbo
85%
Canada53.55002464-113.49998193Calgary, Vancouver, Seattle1,330,000Edmonton
85%
China30.17121.2680Ningbo, Hangzhou, Shanghai, Changshu, Wuxi…1,970,000Cixi
85%
Poland50.2603804719.0200170523Warsaw, Vienna, Budapest, Prague, Berlin…2,375,000Katowice
85%
Brazil-30.05001463-51.200012058Curitiba, Montevideo, Asunción, Santos, Buenos Aires…4,100,000Porto Alegre
85%
Singapore1.293033466103.85582079Batam, Pekanbaru, Kuala Lumpur, Palembang, George Town…7,750,000Singapore
84%
Australia-27.45503091153.03509271Sydney2,950,000Brisbane
84%
Indonesia0.564964212101.4250139Singapore, Kuala Lumpur, Batam, Medan, Palembang…1,310,000Pekanbaru
84%
Vietnam21.03332725105.850014220Nanning, Zhanjiang, Haikou, Liuzhou, Maoming…3,825,000Hanoi
84%
Colombia10.39973859-75.5143935613Barranquilla, Maracaibo, Bucaramanga, Medellín, Panama City…1,110,000Cartagena
84%
Colombia10.95998863-74.7999668813Cartagena, Maracaibo, Bucaramanga, Medellín, Panama City…2,050,000Barranquilla
84%
Indonesia-2.980039043104.750029712Bandar Lampung, Serang, Jakarta, Batam, Singapore…1,750,000Palembang
84%
Venezuela10.72997683-71.6599776613Barquisimeto, Barranquilla, Valencia, Cartagena, Bucaramanga…2,575,000Maracaibo
84%
Indonesia1.056104.04210Singapore, Pekanbaru, Kuala Lumpur, Palembang, George Town…1,330,000Batam
84%
Tunisia36.8027781410.179678111Sousse, Tripoli, Naples, Rome, Algiers…2,575,000Tunis
84%
Ukraine46.490016330.7100011819Dnipro, Bucharest, Kiev, Donetsk, Kharkiv…1,100,000Odessa
83%
Argentina-32.95112954-60.666307628Buenos Aires, Córdoba, Montevideo, Mendoza, San Miguel de Tucumán…1,350,000Rosario
83%
South Korea35.1709656126.910434165Daejeon, Changwon, Daegu, Busan, Ulsan…1,600,000Gwangju
83%
Saudi Arabia24.6408331546.7727416613Dammam, Manama, Doha, Kuwait City, Basra…7,400,000Riyadh
83%
Argentina-31.39995807-64.182294568Rosario, Mendoza, San Miguel de Tucumán, Buenos Aires, Santiago…1,640,000Córdoba
83%
South Korea36.33554567127.42502858Daegu, Gwangju, Seoul, Changwon, Ulsan…1,570,000Daejeon
83%
South Korea35.21910219128.58356250Busan, Daegu, Ulsan, Gwangju, Daejeon…1,060,000Changwon
83%
Colombia7.1300932-73.1258830211Medellín, Bogotá, Maracaibo, Cartagena, Barranquilla…1,150,000Bucaramanga
83%
United States44.97997927-93.251786348Milwaukee, Chicago, Kansas City, Saint Louis, Indianapolis…3,100,000Minneapolis
83%
Indonesia-6.174417705106.829437613Serang, Bandung, Bandar Lampung, Semarang, Palembang…30,300,000Jakarta
83%
Tunisia35.8299951410.625025597Tunis, Tripoli, Naples, Algiers, Rome…1,090,000Sousse
83%
India10.9999603576.9500211217Tiruppur, Calicut, Kochi, Mysore, Salem…2,575,000Coimbatore
82%
China23.7003996113.030092741Guangzhou, Huizhou, Zhuhai, Hong Kong, Maoming…1,030,000Qingyuan
82%
India11.26294475.77241718Coimbatore, Kochi, Mysore, Tiruppur, Salem…1,000,000Calicut
82%
Mexico31.69037701-106.490048111El Paso, Phoenix, Torreón, San Antonio, Austin…1,470,000Ciudad Juárez
82%
Bahrain26.2361362950.5830517213Dammam, Doha, Riyadh, Shiraz, Abu Dhabi…1,470,000Manama
82%
Indonesia-5.430018698105.269997912Serang, Jakarta, Palembang, Bandung, Semarang…1,140,000Bandar Lampung
82%
India12.9699951477.5600097220Mysore, Salem, Tiruppur, Coimbatore, Tiruchirappalli…11,500,000Bangalore
82%
Indonesia-6.109977194106.149634212Jakarta, Bandar Lampung, Bandung, Palembang, Semarang…1,200,000Serang
82%
South Africa-33.9700337525.600028853Cape Town, Durban, Johannesburg1,300,000Port Elizabeth
82%
China22.3049809114.185009336Zhuhai, Huizhou, Guangzhou, Qingyuan, Shantou…7,350,000Hong Kong
82%
India11.6699969778.1800752318Tiruchirappalli, Tiruppur, Coimbatore, Bangalore, Mysore…1,070,000Salem
82%
China23.1449813113.325010139Qingyuan, Zhuhai, Huizhou, Hong Kong, Maoming…45,600,000Guangzhou
82%
China27.243893111.46059867Hengyang, Xiangtan, Zhuzhou, Changsha, Changde…1,060,000Shaoyang
82%
United States31.77998395-106.509995211Ciudad Juárez, Phoenix, Torreón, San Antonio, Mexicali…1,030,000El Paso
82%
South Korea35.86678876128.606971448Changwon, Ulsan, Busan, Daejeon, Gwangju…2,725,000Daegu
82%
India12.3099837476.6600129819Bangalore, Coimbatore, Calicut, Tiruppur, Salem…1,170,000Mysore
82%
China22.2769444113.567777836Hong Kong, Guangzhou, Huizhou, Qingyuan, Maoming…1,520,000Zhuhai
82%
Iran32.7000053151.700037818Qom, Ahvaz, Tehran, Shiraz, Basra…3,100,000Isfahan
82%
China23.07997235114.399983338Hong Kong, Guangzhou, Zhuhai, Qingyuan, Shantou…2,750,000Huizhou
82%
Saudi Arabia26.4281917550.0996703713Manama, Doha, Kuwait City, Riyadh, Shiraz…2,375,000Dammam
82%
Norway59.9166902910.7499792111Stockholm, Copenhagen, Hamburg, Helsinki, Berlin…1,170,000Oslo
82%
Colombia6.275003274-75.5750100111Bogotá, Bucaramanga, Cali, Cartagena, Barranquilla…3,900,000Medellín
81%
Colombia3.399959126-76.499966479Bogotá, Medellín, Quito, Bucaramanga, Panama City…3,000,000Cali
81%
Egypt30.0499603531.2499682211Alexandria, Gaza, Tel Aviv-Jaffa, Amman, Beirut…18,200,000Cairo
81%
Colombia4.596423563-74.0833439612Medellín, Cali, Bucaramanga, Cartagena, Barranquilla…9,650,000Bogotá
81%
Argentina-32.88333006-68.816611176Santiago, Valparaíso, Córdoba, San Miguel de Tucumán, Rosario…1,070,000Mendoza
81%
India18.5300175273.8500036230Mumbai, Nashik, Aurangabad, Solapur, Surat…6,500,000Pune
81%
China27.70002626106.920026438Guiyang, Chongqing, Yibin, Nanchong, Wanzhou…1,270,000Zunyi
81%
China26.58004295106.720038636Zunyi, Yibin, Chongqing, Liuzhou, Guilin…3,450,000Guiyang
81%
Malaysia5.413613156100.32936799Medan, Kuala Lumpur, Pekanbaru, Singapore, Batam…2,050,000George Town
80%
Panama8.96801719-79.533037159Cartagena, San José, Medellín, Barranquilla, Cali…1,530,000Panama City
80%
India15.3599784575.1250162326Solapur, Bangalore, Mysore, Pune, Hyderabad…1,090,000Hubli-Dharwad
80%
India17.670405975.9000076930Pune, Aurangabad, Hubli-Dharwad, Hyderabad, Nashik…1,060,000Solapur
80%
China25.2799931110.28002839Liuzhou, Shaoyang, Hengyang, Qingyuan, Nanning…1,390,000Guilin
80%
China24.28000246109.250013436Guilin, Nanning, Maoming, Guiyang, Zhanjiang…2,125,000Liuzhou
80%
India17.3999831378.4799535733Vijayawada, Solapur, Nagpur, Hubli-Dharwad, Aurangabad…9,600,000Hyderabad
80%
Turkey38.7349599435.4900194921Adana, Gaziantep, Ankara, Konya, Aleppo…1,110,000Kayseri
79%
India16.5199593380.6300032128Hyderabad, Vishakhapatnam, Chennai, Bangalore, Solapur…1,910,000Vijayawada
79%
India19.0169903872.856989327Pune, Nashik, Surat, Aurangabad, Solapur…24,200,000Mumbai
78%
United Arab Emirates24.4666835754.3665933811Dubai, Doha, Manama, Muscat, Dammam…1,360,000Abu Dhabi
78%
Iraq33.338648544.3938687724Kirkuk, Mosul, Basra, Ahvaz, Tabriz…6,950,000Baghdad
78%
Qatar25.2865560151.5329678911Manama, Dammam, Abu Dhabi, Dubai, Riyadh…2,325,000Doha
78%
Iraq36.3450024643.1450044323Kirkuk, Tabriz, Baghdad, Yerevan, Gaziantep…1,400,000Mosul
78%
United Arab Emirates25.2299961555.2799743211Abu Dhabi, Doha, Muscat, Manama, Dammam…4,625,000Dubai
78%
India20.0004187273.7799820528Mumbai, Aurangabad, Pune, Surat, Vadodara…1,960,000Nashik
78%
China21.92040489110.870017933Zhanjiang, Haikou, Nanning, Zhuhai, Guangzhou…1,280,000Maoming
77%
China22.81998822108.320044331Liuzhou, Zhanjiang, Maoming, Hanoi, Guilin…3,525,000Nanning
77%
China30.24997398120.170018776Cixi, Changshu, Yiwu, Ningbo, Wuxi…8,250,000Hangzhou
77%
China20.05000226110.320025623Zhanjiang, Maoming, Nanning, Zhuhai, Guangzhou…1,960,000Haikou
76%
Argentina-34.60250161-58.397531375Montevideo, Rosario, Córdoba, Porto Alegre, Mendoza16,100,000Buenos Aires
76%
Uruguay-34.85804157-56.171052294Buenos Aires, Rosario, Porto Alegre, Córdoba1,840,000Montevideo
76%
China21.19998374110.380021926Maoming, Haikou, Nanning, Zhuhai, Liuzhou…1,250,000Zhanjiang
76%
Indonesia-8.650028871115.21998498Malang, Surabaya, Surakarta, Yogyakarta, Semarang…1,670,000Denpasar
75%
Indonesia-7.249235821112.750833310Malang, Surakarta, Semarang, Yogyakarta, Denpasar…4,875,000Surabaya
75%
Indonesia-7.97999225112.61001510Surabaya, Surakarta, Yogyakarta, Semarang, Denpasar…1,460,000Malang
75%
Indonesia-7.564978822110.825007711Yogyakarta, Semarang, Malang, Surabaya, Bandung…1,250,000Surakarta
75%
Indonesia-6.966617412110.420019510Surakarta, Yogyakarta, Surabaya, Malang, Bandung…2,100,000Semarang
75%
Indonesia-7.77995278110.375009310Surakarta, Semarang, Malang, Surabaya, Bandung…1,320,000Yogyakarta
75%
Indonesia-6.950029278107.570012611Jakarta, Serang, Bandar Lampung, Semarang, Yogyakarta…6,150,000Bandung
75%
Pakistan24.8699922966.9900089116Hyderabad, Rajkot, Quetta, Ahmedabad, Jodhpur…16,900,000Karachi
75%
Venezuela10.04999249-69.2999666812Valencia, Maracay, Caracas, Maracaibo, Bucaramanga…1,280,000Barquisimeto
75%
Iraq35.472239244.392266820Mosul, Baghdad, Tabriz, Yerevan, Qom…1,020,000Kirkuk
74%
Venezuela10.22998151-67.980021411Maracay, Caracas, Barquisimeto, Maracaibo, Bucaramanga…1,990,000Valencia
73%
Armenia40.1811507444.5135513915Tbilisi, Tabriz, Mosul, Baku, Kirkuk…1,490,000Yerevan
73%
Nicaragua12.15301658-86.268491666Tegucigalpa, San José, San Salvador, San Pedro Sula, Guatemala City…1,320,000Managua
73%
Venezuela10.2468797-67.5958071311Valencia, Caracas, Barquisimeto, Maracaibo, Bucaramanga…1,410,000Maracay
73%
Costa Rica9.93501243-84.084051357Managua, Panama City, Tegucigalpa, San Salvador, San Pedro Sula…2,325,000San José
73%
Nigeria6.4432616533.39153107118Cotonou, Ibadan, Lomé, Benin City, Ilorin…18,200,000Lagos
72%
Thailand13.40040814100.99997436Bangkok, Phnom Penh, Yangon, Ho Chi Minh City, George Town…1,370,000Chonburi
72%
Japan26.20717165127.672971624Taipei, Wenzhou, Ningbo, Cangnan, Taichung…1,210,000Naha
72%
Thailand13.74999921100.51664476Chonburi, Phnom Penh, Yangon, Ho Chi Minh City, George Town…18,400,000Bangkok
72%
Nigeria8.478314.54740217Ibadan, Lagos, Benin City, Cotonou, Abuja…1,010,000Ilorin
72%
Nigeria7.3800262643.92998205418Lagos, Ilorin, Cotonou, Benin City, Lomé…3,350,000Ibadan
72%
Nigeria6.1404120076.77998897217Benin City, Aba, Port Harcourt, Abuja, Ibadan…1,140,000Onitsha
71%
Togo6.1319370721.22275711916Cotonou, Accra, Lagos, Kumasi, Ibadan…1,970,000Lomé
71%
Nigeria4.8100022577.01000077215Aba, Onitsha, Benin City, Douala, Lagos…2,200,000Port Harcourt
71%
Cameroon3.86670066211.5166507617Douala, Aba, Port Harcourt, Onitsha, Benin City…3,150,000Yaoundé
71%
Benin6.4000085642.51999059917Lagos, Lomé, Ibadan, Accra, Ilorin…1,710,000Cotonou
71%
Nigeria6.3404773145.62000809616Onitsha, Ibadan, Port Harcourt, Aba, Lagos…1,570,000Benin City
71%
Cambodia11.55003013104.91663455Ho Chi Minh City, Chonburi, Bangkok, George Town, Kuala Lumpur2,075,000Phnom Penh
71%
Ghana5.550034606-0.2167157414Lomé, Kumasi, Cotonou, Lagos, Abidjan…5,100,000Accra
71%
Nigeria9.0833331497.53332800217Kaduna, Ilorin, Onitsha, Kano, Benin City…3,200,000Abuja
71%
Niger13.516705952.11665604513Ouagadougou, Ilorin, Kaduna, Ibadan, Kano…1,220,000Niamey
71%
Nigeria5.1003979687.3499800215Port Harcourt, Onitsha, Benin City, Douala, Abuja…1,090,000Aba
71%
Ecuador-0.214988181-78.500051114Guayaquil, Cali, Bogotá, Medellín2,625,000Quito
70%
Iran34.6500154850.9500060617Tehran, Isfahan, Ahvaz, Basra, Tabriz…1,240,000Qom
70%
United States39.73918805-104.9840167Salt Lake City, Oklahoma City, El Paso, Kansas City, Ciudad Juárez…3,650,000Denver
70%
Ghana6.689990864-1.63001448713Accra, Abidjan, Lomé, Cotonou, Lagos…2,950,000Kumasi
69%
Iran35.6719427751.4243440315Qom, Isfahan, Tabriz, Baku, Ahvaz…14,700,000Tehran
69%
Georgia41.7250099944.7907954515Yerevan, Tabriz, Baku, Mosul, Kirkuk…1,290,000Tbilisi
69%
Peru-12.04801268-77.05006209010,300,000Lima
69%
Ivory Coast5.319996967-4.040048269Kumasi, Accra, Lomé, Cotonou, Monrovia…5,350,000Abidjan
69%
Burkina Faso12.37031598-1.52472375611Niamey, Kumasi, Bamako, Lomé, Accra…2,425,000Ouagadougou
69%
Iran38.0862915246.3012458916Yerevan, Kirkuk, Mosul, Baku, Tbilisi…1,760,000Tabriz
69%
Ecuador-2.220033754-79.920041953Quito, Cali, Bogotá3,075,000Guayaquil
68%
Azerbaijan40.3952720349.8622171611Tabriz, Tbilisi, Yerevan, Tehran, Qom…2,525,000Baku
68%
India20.2704280885.8273603923Jamshedpur, Ranchi, Kolkata, Vishakhapatnam, Dhanbad…1,820,000Bhubaneswar
68%
Myanmar16.783354196.166677616Mandalay, Bangkok, Chonburi, Chittagong, Khulna…5,400,000Yangon
68%
Nigeria10.520015487.44000036517Abuja, Kano, Ilorin, Onitsha, Benin City…1,780,000Kaduna
68%
India17.7300146783.3049820527Vijayawada, Bhubaneswar, Bhilai, Hyderabad, Nagpur…2,075,000Vishakhapatnam
68%
Cameroon4.0604097699.70999100615Yaoundé, Aba, Port Harcourt, Onitsha, Benin City…3,125,000Douala
67%
Argentina-26.81015-65.2153986Córdoba, Mendoza, Asunción, Rosario, Santiago…1,000,000San Miguel de
Tucumán
67%
Nigeria11.999976838.520037815Kaduna, Abuja, Maiduguri, Ilorin, Onitsha…4,400,000Kano
67%
Morocco30.43998822-9.6200435818Marrakesh, Casablanca, Rabat, Fez, Tangier…1,150,000Agadir
67%
Morocco31.6299931-7.9999874289Agadir, Casablanca, Rabat, Fez, Tangier…1,110,000Marrakesh
67%
Vietnam10.78002545106.69502724Phnom Penh, Chonburi, Bangkok, George Town8,350,000Ho Chi Minh City
66%
Chile-33.04776447-71.621013634Santiago, Mendoza, Córdoba, San Miguel de Tucumán1,010,000Valparaíso
66%
Chile-33.45001382-70.667040855Valparaíso, Mendoza, Córdoba, San Miguel de Tucumán, Rosario7,050,000Santiago
66%
Oman23.6133248158.593312137Dubai, Abu Dhabi, Doha, Manama, Karachi…1,300,000Muscat
66%
South Africa-26.1700447428.030009724Maputo, Durban, Port Elizabeth, Harare13,400,000Johannesburg
66%
Mozambique-25.9552774932.589162963Johannesburg, Durban, Harare2,750,000Maputo
66%
India23.3700063385.3300264130Jamshedpur, Dhanbad, Āsansol, Patna, Varanasi…1,360,000Ranchi
66%
Mexico20.96663881-89.616633557San Pedro Sula, Guatemala City, Havana, Tegucigalpa, San Salvador…1,110,000Mérida
65%
Philippines10.31997601123.90007523Davao, Manila, Angeles2,600,000Cebu
65%
Zimbabwe-17.8177896931.044709435Lusaka, Lilongwe, Lubumbashi, Maputo, Johannesburg2,400,000Harare
65%
India22.7875354286.1975186825Ranchi, Dhanbad, Āsansol, Kolkata, Bhubaneswar…1,600,000Jamshedpur
65%
India23.8003934986.4199857225Āsansol, Jamshedpur, Ranchi, Patna, Kolkata…1,340,000Dhanbad
65%
Bangladesh22.3299922991.7999674114Dhaka, Khulna, Kolkata, Guwahati, Mandalay…4,725,000Chittagong
65%
Bangladesh23.7230597190.4085794717Khulna, Chittagong, Kolkata, Guwahati, Āsansol…18,800,000Dhaka
65%
India23.683333386.983333324Dhanbad, Jamshedpur, Ranchi, Kolkata, Khulna…1,560,000Āsansol
65%
Philippines15.14505617120.54508626Manila, Cebu, Kaohsiung, Tainan, Taichung…1,410,000Angeles
65%
Philippines7.110016906125.62999552Cebu, Manila1,510,000Davao
65%
Bangladesh22.83998789.5600007719Dhaka, Kolkata, Chittagong, Āsansol, Dhanbad…1,090,000Khulna
65%
Philippines14.60415895120.98221725Angeles, Cebu, Kaohsiung, Tainan, Davao24,600,000Manila
65%
South Africa-29.86501330.980010543Maputo, Johannesburg, Port Elizabeth3,325,000Durban
64%
India26.1600169191.7699950814Dhaka, Chittagong, Khulna, Kolkata, Āsansol…1,100,000Guwahati
64%
India22.494969388.3246756620Khulna, Āsansol, Jamshedpur, Dhanbad, Dhaka…16,400,000Kolkata
64%
Saudi Arabia24.4999890339.58000247Jeddah, Mecca, Riyadh, Amman, Gaza…1,440,000Medina
63%
Malaysia3.166665872101.69998337Pekanbaru, George Town, Singapore, Medan, Batam…8,450,000Kuala Lumpur
63%
China29.56497703106.594981640Nanchong, Zunyi, Yibin, Wanzhou, Chengdu…7,800,000Chongqing
63%
Myanmar21.9699884296.085028858Chittagong, Yangon, Dhaka, Guwahati, Khulna…1,480,000Mandalay
62%
South Africa-33.9200109718.434988161Port Elizabeth4,125,000Cape Town
62%
Indonesia3.57997397898.650040246George Town, Kuala Lumpur, Pekanbaru, Singapore, Batam…3,525,000Medan
62%
Saudi Arabia21.5168894639.219197555Mecca, Medina, Riyadh, Sana'a, Khartoum4,625,000Jeddah
62%
Iran36.2700199659.56999678Ashgabat, Tehran, Qom, Isfahan, Kabul…3,100,000Mashhad
61%
Dominican Republic18.47007285-69.900085088Port-au-Prince, San Juan, Maracaibo, Barquisimeto, Valencia…3,825,000Santo Domingo
60%
Australia-31.95501463115.839998702,000,000Perth
60%
Puerto Rico18.44002301-66.129979296Santo Domingo, Port-au-Prince, Caracas, Maracay, Valencia…2,050,000San Juan
60%
Kenya-4.04002602239.689918174Dar es Salaam, Nairobi, Mogadishu, Kampala1,200,000Mombasa
60%
Saudi Arabia21.4300213839.820039434Jeddah, Medina, Riyadh, Sana'a2,000,000Mecca
59%
El Salvador13.71000165-89.203041226Guatemala City, Tegucigalpa, San Pedro Sula, Managua, San José…1,840,000San Salvador
58%
Honduras15.50002159-88.029986216Tegucigalpa, San Salvador, Guatemala City, Managua, Mérida…1,160,000San Pedro Sula
58%
Honduras14.1020449-87.217529346San Pedro Sula, San Salvador, Managua, Guatemala City, San José…1,130,000Tegucigalpa
58%
Australia-34.93498777138.60000481Melbourne1,320,000Adelaide
58%
Guatemala14.62113466-90.526965587San Salvador, San Pedro Sula, Tegucigalpa, Managua, Mérida…3,100,000Guatemala City
58%
Turkmenistan37.9499949358.383299115Mashhad, Tehran, Qom, Baku, Isfahan1,300,000Ashgabat
57%
Kenya-1.28334674236.816656864Mombasa, Kampala, Dar es Salaam, Kigali5,750,000Nairobi
57%
China30.81999086108.400039455Nanchong, Chongqing, Yichang, Mianyang, Jingzhou…1,070,000Wanzhou
56%
India13.0899878180.2799987420Salem, Bangalore, Tiruchirappalli, Vijayawada, Tiruppur…10,700,000Chennai
55%
Tanzania-6.80001259539.268341843Mombasa, Nairobi, Lilongwe5,900,000Dar es Salaam
55%
India10.0150075576.2239155715Coimbatore, Calicut, Tiruppur, Madurai, Mysore…1,560,000Kochi
55%
India11.0804205577.3299979217Coimbatore, Salem, Tiruchirappalli, Mysore, Madurai…1,330,000Tiruppur
55%
India9.92002626478.1200272214Tiruchirappalli, Tiruppur, Coimbatore, Salem, Kochi…1,710,000Madurai
54%
India10.8099977878.6899665915Salem, Madurai, Tiruppur, Coimbatore, Bangalore…1,170,000Tiruchirappalli
54%
Venezuela10.50099855-66.917037199Maracay, Valencia, Barquisimeto, Maracaibo, Bucaramanga…3,750,000Caracas
54%
Sri Lanka6.93196575879.8577506110Madurai, Tiruchirappalli, Kochi, Tiruppur, Coimbatore…4,750,000Colombo
52%
China28.750566104.64606730Chongqing, Chengdu, Zunyi, Nanchong, Mianyang…1,010,000Yibin
52%
New Zealand-36.850013174.764980801,550,000Auckland
52%
Yemen15.354733344.206593383Mecca, Jeddah, Addis Ababa2,625,000Sana'a
51%
Uganda0.31665895532.583323534Kigali, Nairobi, Kisangani, Mombasa3,250,000Kampala
51%
Ethiopia9.03331036338.700004432Sana'a, Khartoum3,650,000Addis Ababa
49%
Bolivia-16.49797361-68.149985192Cochabamba, Santa Cruz2,025,000La Paz
49%
Bolivia-17.75391762-63.225996342Cochabamba, La Paz2,000,000Santa Cruz
49%
Democratic Republic of the Congo-4.32972410215.314971886Brazzaville, Pointe-Noire, Luanda, Kananga, Mbuji-Mayi…11,600,000Kinshasa
49%
Bolivia-17.41001097-66.169976852La Paz, Santa Cruz1,300,000Cochabamba
49%
Republic of the Congo-4.7760911.863524Brazzaville, Kinshasa, Luanda, Yaoundé1,090,000Pointe-Noire
49%
Angola-8.83828611413.234427043Pointe-Noire, Kinshasa, Brazzaville7,650,000Luanda
49%
Republic of the Congo-4.25918577215.284689496Kinshasa, Pointe-Noire, Luanda, Kananga, Mbuji-Mayi…2,100,000Brazzaville
49%
Rwanda-1.95359006930.060531785Kampala, Kisangani, Nairobi, Mbuji-Mayi, Kananga1,090,000Kigali
49%
Libya32.8925000213.180011763Sousse, Tunis, Naples1,180,000Tripoli
48%
Sierra Leone8.470011412-13.234215745Conakry, Monrovia, Bamako, Touba, Dakar1,650,000Freetown
47%
China45.74998395126.649984916Daqing, Jilin, Changchun, Qiqihar, Shenyang…5,300,000Harbin
47%
Guinea9.531522846-13.680235036Freetown, Monrovia, Touba, Dakar, Bamako…2,375,000Conakry
47%
Democratic Republic of the Congo-6.15002642923.599995896Kananga, Lubumbashi, Kisangani, Kigali, Kinshasa…1,930,000Mbuji-Mayi
46%
Democratic Republic of the Congo-5.89629422.4176026Mbuji-Mayi, Kisangani, Kinshasa, Brazzaville, Lubumbashi…1,150,000Kananga
46%
Pakistan30.2200016567.0249938519Multan, Kabul, Hyderabad, Karachi, Faisalabad…1,080,000Quetta
46%
Sudan15.5880782332.534179242Jeddah, Addis Ababa5,950,000Khartoum
46%
Senegal14.86881-15.8924185Dakar, Nouakchott, Conakry, Freetown, Bamako1,000,000Touba
45%
Senegal14.71583173-17.473130134Touba, Nouakchott, Conakry, Freetown3,500,000Dakar
44%
Haiti18.5410246-72.336034596Santo Domingo, San Juan, Maracaibo, Barranquilla, Cartagena…3,050,000Port-au-Prince
42%
China31.46997703104.769976832Chengdu, Nanchong, Chongqing, Yibin, Wanzhou…1,360,000Mianyang
42%
China34.38000612107.149986550Xi'an, Lanzhou, Mianyang, Nanchong, Wanzhou…1,120,000Baoji
42%
China30.67000002104.070019529Mianyang, Nanchong, Yibin, Chongqing, Wanzhou…9,300,000Chengdu
42%
China30.78043256106.129997137Chongqing, Mianyang, Chengdu, Wanzhou, Yibin…1,180,000Nanchong
42%
Kazakhstan51.180171.445986Omsk, Chelyabinsk, Novosibirsk, Yekaterinburg, Bishkek…1,020,000Nur-Sultan
41%
Afghanistan34.5166902969.1832600515Peshawar, Rawalpindi, Faisalabad, Quetta, Srinagar…4,000,000Kabul
40%
Russia55.1549912761.438668177Yekaterinburg, Ufa, Perm, Omsk, Samara…1,410,000Chelyabinsk
39%
Mauritania18.08642702-15.975340413Touba, Dakar, Conakry1,160,000Nouakchott
39%
Kazakhstan43.3249898576.915036174Bishkek, Tashkent, Ürümqi, Astana1,970,000Almaty
39%
Russia56.8500299360.599959677Chelyabinsk, Perm, Ufa, Kazan, Samara…1,630,000Yekaterinburg
39%
Mongolia47.9166734106.91661582Baotou, Hohhot1,360,000Ulaanbaatar
38%
Russia54.9899884273.399953574Astana, Novosibirsk, Chelyabinsk, Yekaterinburg1,180,000Omsk
38%
Uzbekistan41.3117018869.294932826Bishkek, Almaty, Kabul, Peshawar, Rawalpindi…2,700,000Tashkent
37%
Kyrgyzstan42.8774.594Almaty, Tashkent, Astana, Srinagar1,040,000Bishkek
37%
Brazil-12.9699719-38.479987437Maceió, Recife, João Pessoa, Vitória, Natal…3,700,000Salvador
36%
Paraguay-25.29640298-57.641505175San Miguel de Tucumán, Porto Alegre, Curitiba, Rosario, Córdoba2,275,000Asunción
36%
China25.06998008102.679975118Guiyang, Yibin, Zunyi, Hanoi, Nanning…4,050,000Kunming
36%
Brazil-5.095000388-42.78000928São Luís, Fortaleza, Belém, Natal, João Pessoa…1,020,000Teresina
36%
United States21.30687644-157.857997901,000,000Honolulu
35%
Malawi-13.9832950733.783301964Harare, Lusaka, Lubumbashi, Dar es Salaam1,190,000Lilongwe
34%
Brazil-9.619995505-35.729974416Recife, João Pessoa, Natal, Salvador, Fortaleza…1,130,000Maceió
34%
Brazil-8.075645326-34.915605516João Pessoa, Maceió, Natal, Fortaleza, Salvador…3,800,000Recife
34%
Brazil-7.10113513-34.876071176Recife, Natal, Maceió, Fortaleza, Salvador…1,140,000João Pessoa
34%
Brazil-5.780023174-35.240004316João Pessoa, Recife, Maceió, Fortaleza, Teresina…1,410,000Natal
34%
Russia55.0299601482.960041873Omsk, Krasnoyarsk, Astana1,690,000Novosibirsk
34%
Mali12.65001467-8.0000391057Ouagadougou, Conakry, Freetown, Monrovia, Touba…3,250,000Bamako
33%
Liberia6.31055666-10.804751634Freetown, Conakry, Abidjan, Bamako1,480,000Monrovia
32%
China36.05602785103.792000327Xining, Yinchuan, Baoji, Xi'an, Mianyang…2,750,000Lanzhou
32%
China36.6199986101.770004814Lanzhou, Yinchuan, Baoji, Mianyang, Chengdu…1,400,000Xining
32%
Brazil-3.750017884-38.579981326Natal, Teresina, João Pessoa, Recife, São Luís…3,650,000Fortaleza
30%
Somalia2.06668133445.366677611Mombasa1,830,000Mogadishu
27%
Brazil-3.100031719-60.0000175402,150,000Manaus
26%
Chad12.1130965415.049148316Maiduguri, Kano, Kaduna, Abuja, Bangui…1,310,000N'Djamena
26%
Nigeria11.8499601413.160012988N'Djamena, Kano, Kaduna, Abuja, Yaoundé…1,130,000Maiduguri
25%
Zambia-15.4166442728.283327593Harare, Lubumbashi, Lilongwe2,475,000Lusaka
24%
Russia54.7899747956.040031297Chelyabinsk, Perm, Yekaterinburg, Samara, Kazan…1,130,000Ufa
24%
Russia57.9999597456.249992637Yekaterinburg, Ufa, Chelyabinsk, Kazan, Samara…1,110,000Perm
24%
Democratic Republic of the Congo-11.680024827.480017455Lusaka, Lilongwe, Mbuji-Mayi, Harare, Kananga2,050,000Lubumbashi
24%
Madagascar-18.9166373547.516623902,375,000Antananarivo
23%
China46.57995913125.000008114Qiqihar, Harbin, Changchun, Jilin, Shenyang…1,650,000Daqing
21%
Brazil-2.515984681-44.265990853Teresina, Belém, Fortaleza1,430,000São Luís
21%
Democratic Republic of the Congo0.51953625.1931525Kigali, Mbuji-Mayi, Kananga, Kampala, Bangui1,090,000Kisangani
21%
China47.34497703123.989992214Daqing, Harbin, Changchun, Jilin, Shenyang…1,050,000Qiqihar
21%
Central African Republic4.36664430618.558288134Yaoundé, Kisangani, N'Djamena, Douala1,130,000Bangui
18%
China43.8050122387.575005651Almaty3,975,000Ürümqi
18%
Indonesia-5.139958884119.43202754Denpasar, Surabaya, Malang, Surakarta1,880,000Makassar
15%
Brazil-1.450003236-48.480023032São Luís, Teresina2,250,000Belém
15%
Russia56.0139827792.866000531Novosibirsk1,120,000Krasnoyarsk
11%

Score Distribution

Percentile by Number Answered

Percent of People with Each Score

Your Score History

You have not taken this quiz since the last reset